Welcome to the Holygrace Academy Library

Please use search bar below to get started

SHABDHATHARAVALI (Record no. 9042)

MARC details
000 -LEADER
fixed length control field 00205nam a22000977a 4500
082 ## - DEWEY DECIMAL CLASSIFICATION NUMBER
Classification number 894.812
Item number PAT/S
100 ## - MAIN ENTRY--AUTHOR NAME
Personal name PATHMANABHAPILLA
245 ## - TITLE STATEMENT
Title SHABDHATHARAVALI
650 ## - SUBJECT ADDED ENTRY--TOPICAL TERM
Topical Term MALAYALAM REFERENCE
942 ## - ADDED ENTRY ELEMENTS (KOHA)
Koha item type Books
Holdings
Withdrawn status Lost status Collection code Home library Current library Date acquired Full call number Accession Number Koha item type
  Missing Reference Main Library Main Library 11/03/2002 894.812 PAT/S 1100 Books